| 000 | 00630nam a2200193 a 4500 | ||
|---|---|---|---|
| 005 | 20230315063840.0 | ||
| 008 | 991125s1980 mx 000 0 spa u | ||
| 035 | _aUPN01000006818 | ||
| 049 | _aCG | ||
| 050 | 4 |
_aLB2343 _bB3.3 |
|
| 100 | 1 | _aBarrón Toledo, Jesús | |
| 245 | 1 | 0 |
_aCarreras del área de la química en México : _bplanes de estudio / _cJesús Barrón Toledo, Armando Rugarcia Torres. |
| 260 |
_aMéxico : _bANUIES, _c1980. |
||
| 300 | _a401 p. | ||
| 440 | 0 | _aSerie: consulta y documentación | |
| 650 | 4 |
_aOrientación vocacional _95 |
|
| 700 | 1 |
_aRugarcía Torres, Armando, _d1947- _ecoaut. _929615 |
|
| 905 | _aLibro | ||
| 999 |
_c6818 _d6818 |
||